00249nam a2200109Ia 4500008004100000041000800041082000800049100002500057245002000082250000600102260003100108221102s9999 xx 000 0 und d aeng bWil aWilliam R. Gondin aPlato Republic a4 bRama Brothersc1905-07-02